Derivatization reactions for HPLC
The book offers fast and convenient access to derivatization reactions for both HPLC and CE. Covering a wide variety of compounds from pharmaceutical drugs and biological products to industrial contaminants
Spremljeno u:
| Glavni autor: | |
|---|---|
| Format: | Knjiga |
| Jezik: | Undetermined |
| Izdano: |
New York
John Willey & Sons, Inc
1998
|
| Teme: | |
| Oznake: |
Dodaj oznaku
Bez oznaka, Budi prvi tko označuje ovaj zapis!
|
| Thư viện lưu trữ: | Trung tâm Học liệu Trường Đại học Cần Thơ |
|---|
| LEADER | 00740nam a2200205Ia 4500 | ||
|---|---|---|---|
| 001 | CTU_118224 | ||
| 008 | 210402s9999 xx 000 0 und d | ||
| 020 | |c 323 | ||
| 082 | |a 543.0894 | ||
| 082 | |b L963 | ||
| 100 | |a Lunn, George | ||
| 245 | 0 | |a Derivatization reactions for HPLC | |
| 245 | 0 | |c George Lunn, Louise C. Hellwig | |
| 260 | |a New York | ||
| 260 | |b John Willey & Sons, Inc | ||
| 260 | |c 1998 | ||
| 520 | |a The book offers fast and convenient access to derivatization reactions for both HPLC and CE. Covering a wide variety of compounds from pharmaceutical drugs and biological products to industrial contaminants | ||
| 650 | |a Derivatization | ||
| 904 | |i M.Loan | ||
| 980 | |a Trung tâm Học liệu Trường Đại học Cần Thơ | ||